=LDR 00000nam 2200000 4500 =001 INLIS000000000059320 =005 20211110091657 =035 ##$$a 0010-1121000057 =007 ta =008 211110###########################0#ind## =020 ##$$a 978-979-769-363-3 =082 ##$$a 324.6 =084 ##$$a 324.6 Fah p =245 1#$$a Pemilu & Kedaulatan rakyat /$c Fahmi Khairul, SH., MH =250 ##$$a cet 2 =300 ##$$a 321 halaman : $b Ilustrasi ; $c 21 Cm. =650 #4$$a Pemilihan Umum =264 ##$$a jakarta :$b Rajawali Press,$c 2012 =336 ##$$a teks$2 rdacontent =337 ##$$a lain-lain$2 rdamedia =338 ##$$a lain-lain$2 rdacarrier =990 ##$$a 27482748 =990 ##$$a 27482748